000 00504nam a2200181 4500
001 143285
003 ES-MaACL
005 20231228205939.0
007 t|
008 070214s1974 sp r ||||1| spa d
080 _a821.134.2-31"19"
100 1 _aSender, Ramón J.,
_d1901-1982
_9105441
245 1 0 _aBizancio /
_cRamón J. Sender.
260 _aBarcelona :
_bCírculo de Lectores,
_c1974.
300 _a484 p. :
_bil. ;
_c21 cm.
852 _aES-MaACL
_jE-6839
_bR.91242
999 _c143285
_d143285